000 00562nam a2200193Ia 4500
003 GCL
008 140319s9999 xx 000 0 ara d
040 _aGCL /
_cGCL
082 0 4 _a291.042
_bك د
100 1 _aكوفان, جاك
245 1 0 _aديانات العصر الحجرى الحديث فى بلاد الشام /
_cكوفان, جاك
700 1 _aسلطان محسين
300 _a143 ص
490 _a100 قصة
_v0
650 0 4 _aالشام
650 0 4 _aالعصر الحجرى
650 0 4 _aالاديان البدائية
942 _2ddc
_cBK
999 _c43926
_d43926